Analysis of Entrepreneurial Environment in the Slovak Republic - Results of a Research Conducted on a Selected Group of Small and Medium - Sized Enterprises
Analýza podnikateľského prostredia v Slovenskej republike. Slovensko ako člen Európskej únie od roku 2004. Malé a stredné podniky (SME - small and medium enterprises) zohrávajú rozhodujúcu úlohu v rozvoji hospodárstva. Otázky, diskusia, problémy ohľadom SME. Závery a odporúčania.
Enregistré dans:
| Auteur principal: | |
|---|---|
| Format: | Chapitre de livre |
| Langue: | anglais |
| Sujets: | |
| Tags: |
Pas de tags, Soyez le premier à ajouter un tag!
|
MARC
| LEADER | 00000naa$a2200000$$$4500 | ||
|---|---|---|---|
| 001 | 0109856 | ||
| 005 | 20240502083255.2 | ||
| 041 | 0 | |a eng | |
| 044 | |a CZ | ||
| 245 | 1 | 0 | |a Analysis of Entrepreneurial Environment in the Slovak Republic - Results of a Research Conducted on a Selected Group of Small and Medium - Sized Enterprises |c Elena Šúbertová |
| 520 | |a Analýza podnikateľského prostredia v Slovenskej republike. Slovensko ako člen Európskej únie od roku 2004. Malé a stredné podniky (SME - small and medium enterprises) zohrávajú rozhodujúcu úlohu v rozvoji hospodárstva. Otázky, diskusia, problémy ohľadom SME. Závery a odporúčania. | ||
| 610 | 2 | 0 | |a prostredie podnikateľské |
| 610 | 2 | 0 | |a podnik malý |
| 610 | 2 | 0 | |a podnik stredný |
| 610 | 2 | 0 | |a výskum |
| 610 | 2 | 0 | |a Slovensko |
| 100 | 1 | |a Šúbertová, Elena | |